| 000 | 00445nam a2200157 4500 | ||
|---|---|---|---|
| 005 | 20260604114231.0 | ||
| 008 | 260604b |||||||| |||| 00| 0 eng d | ||
| 020 | _a9781472588586 | ||
| 082 |
_a428 _bJAN-T |
||
| 100 | _aJanice Bland | ||
| 245 |
_aTeaching English to Young Learners _bCritical Issue in Language teaching with 3-12 Years Old |
||
| 260 |
_aNew York _bBloomsbury _c2015 |
||
| 300 | _a301p. | ||
| 650 | _aEnglish | ||
| 942 | _cBK | ||
| 999 |
_c47645 _d47645 |
||